000 00525cam a2200181 4500
001 WB3735-26
008 010919n2001 000 0 eng u
035 _a(Sirsi) u114649
245 _aChartered surveyors in Malta
260 _c2001
490 _aRICS Press Release
_v(pr115) 11 September 2001, 1(1)
520 _aMalta is the 19th European country to establish a national association of RICS members.
590 _aWB
650 _aABOUT RICS-RICS MEMBERS
650 _aMALTA
690 _aRICS NEWS
942 _n0
999 _c68309
_d68309